[Event "Vlissingen HZ op 23rd"]
[Site "Vlissingen"]
[Date "2019.08.04"]
[Round "2"]
[White "Skutta, Bernd"]
[Black "Ng, Soon Derrick"]
[Result "1-0"]
[WhiteElo "2007"]
[BlackElo "1190"]
[PlyCount "88"]
[EventDate "2019.08.03"]
[EventType "swiss"]
[EventRounds "9"]
[EventCountry "NED"]
[SourceTitle "CBM 191 Extra"]
[Source "ChessBase"]
[SourceDate "2019.09.30"]
[SourceVersion "1"]
[SourceVersionDate "2019.09.30"]
[SourceQuality "1"]

1. d4 Nf6 2. Nf3 e6 3. Bf4 c5 4. c3 Qb6 5. Qb3 Qxb3 6. axb3 Nc6 7. e3 a6 8. Na3 b5 9. Nxb5 Nd5 10. e4 Nxf4 11. Nc7+ Kd8 12. Nxa8 cxd4 13. g3 Nh5 14. Nb6 dxc3 15. bxc3 Nf6 16. Nxc8 Kxc8 17. Bxa6+ Kb8 18. Bd3 Bc5 19. b4 Bb6 20. 0-0 Rc8 21. h3 d5 22. Rfe1 Ne7 23. e5 Ne4 24. Bxe4 dxe4 25. Rxe4 Rxc3 26. Rf4 g5 27. Rxf7 Nf5 28. g4 Rxf3 29. gxf5 Rxf2 30. Rf1 Rxf5+ 31. Kg2 Rxe5 32. Rxh7 Rf5 33. Rxf5 exf5 34. Kf3 Bd8 35. Rf7 f4 36. Ke4 Kc8 37. Kd5 Bc7 38. Kc6 Bd8 39. Rf5 f3 40. Rxf3 Be7 41. b5 Kb8 42. b6 Kc8 43. Re3 Bf6 44. Re8+ Bd8 1-0